LEADER 00894naa a2200229 u 4500 001 000000096729 003 CaOOAMICUS 005 20070226130147.0 008 041124s1999 it u000 u ita u 020 $a88-8334-003-5 035 $a11016486 040 $aIAR$bita 100 1 $aChristian, William,$d1944-$0(OLS)http://pul/name/61584 245 10$aStoria di una guarigione straordinaria nella Spagna contemporanea /$cWilliam A. Chrisian Jr. 260 $aRoma :$bViella,$c1999. 300 $aS. 197-214 ;$c21 cm 773 0 $aMiracoli : Dai segni alla storia. 773 0 $tSacro/Santo$gNuova serie 1. 773 0 $tMiracoli : dai segni alla storia$w()48643 996 $6020$a88-8334-003-5$9(OLS)http://pul/number/61247 996 $6245$aStoria di una guarigione straordinaria nella Spagna contemporanea$9(OLS)http://pul/title/123611 996 $6260$aRoma :$bViella$9(OLS)http://pul/publisher/54599 LEADER 01257nam a2200289 u 4500 001 000000075387 003 CaOOAMICUS 005 20070226123109.0 008 030701s2003 it u000 u ita u 020 $a8846502698 035 $a10965789 040 $aIPA$bita 100 1 $aSanti, Giorgio.$0(OLS)http://pul/name/26278 245 10$aAgostino d'Ippona filosofo /$cGiorgio Santi. 260 $aRoma :$bLateran University Press,$c2003. 300 $a212 p. ;$c24 cm 490 1 $aDialogo di filosofia.$aSezione manuali ;$v2 500 $aComprende riferimenti bibliografici (p. 192-208) e indice. 600 04$aAugustinus,$cs., vesc. d'Ippona,$d354-430.$0(OLS)http://pul/subject/758 830 0$aDialogo di filosofia.$pSezione manuali ;$v2.$0(OLS)http://pul/title/97675 850 $aPUL 852 $aPUL$W1$xSL Filosofia 2$y80$mPhil A18b 2bis$j97031$nBK-PRI$b $qStampati altre collocazioni$B97031$CPULBib$Z2$F97031 $H $81 941 1 $a10 960 $aAgostino,$cs., vesc. d'Ippona,$d354-430$9758 996 $6020$a8846502698$9(OLS)http://pul/number/98318 996 $6245$aAgostino d'Ippona filosofo$9(OLS)http://pul/title/98914 996 $6260$aRoma :$bLateran University Press$9(OLS)http://pul/publisher/74370